Statistics for Famous Dictators Quiz #2

Click here to take the quiz!

General Stats

  • This quiz has been taken 73,892 times
    (73,872 since last reset)
  • The average score is 14 of 22

Answer Stats

DictatorCountry% Correct
Joseph StalinSoviet Union
99%
Kim Il-sungNorth Korea
96%
Julius CaesarRome
93%
Chiang Kai-ShekChina
89%
George PapadopoulosGreece
81%
Pol PotCambodia
78%
Oliver CromwellEngland
74%
Maximilien RobespierreFrance
71%
Ali KhameneiIran
71%
Slobodan MilosevicSerbia / Yugoslavia
71%
Park Chung HeeSouth Korea
68%
Bashar al-AssadSyria
68%
Anwar SadatEgypt
60%
Fulgencio BatistaCuba
51%
SuhartoIndonesia
50%
Pervez MusharrafPakistan
45%
Manuel NoriegaPanama
45%
Alberto FujimoriPeru
38%
Erich HoneckerEast Germany
32%
Than ShweMyanmar
32%
Charles TaylorLiberia
24%
Saparmurat NiyazovTurkmenistan
22%

Score Distribution

Percentile by Number Answered

Percent of People with Each Score

Your Score History

You have not taken this quiz since the last reset